Miasta w Azji - quiz na mapie - Statystyki

Ogólne statystyki
  • Ten quiz został rozwiązany 24 razy
  • Średni wynik to 17 z 22
Odpowiedzi na mapie
Odpowiedzi zakodowano w zielono-czerwonej skali na mapie do tego quizu, zgodnie z poniższymi procentami.
 
Statystyki odpowiedzi
Odpowiedź % Poprawnych
Ho Chi Minh
95%
Dubaj
90%
Izmir
90%
Kanton
90%
Karaczi
90%
Manila
90%
Osaka
90%
Tbilisi
90%
Ałmaty
85%
Aszchabad
85%
Doha
85%
Kolombo
85%
Aleppo
80%
Pusan
80%
Sana
80%
Medyna
75%
Bandar Seri Begawan
70%
Basra
65%
Madras
65%
Surabaja
60%
Sziraz
50%
Salala
45%
Nie znaleziono quizów pasujących do podanych kryteriów
Rozkład punktacji
Procent ludzi z każdym wynikiem
Percentyl według liczby udzielonych odpowiedzi
Twoja historia wyników
Nie rozwiązałeś tego quizu